000
00379nam a2200181Ia 4500
100
_a
Aggarwak/K/K
650
_a
Software Engineering
250
_a
3
942
_c
BK
366
_f
20
654
_a
software engineering
245
_a
Software Engineering
260
_b
New Age Int (P) Ltd
_c
2008
082
_b
AGG
300
_a
507
546
_a
ENGLISH
999
_c
30553
_d
30553